[Event "Belgrade-chT Quality"]
[Site "Belgrade"]
[Date "2011.11.03"]
[Round "10"]
[White "Nikolic, Radisa"]
[Black "Starcevic, Goran"]
[Result "0-1"]
[WhiteElo "2145"]
[BlackElo "2148"]
[PlyCount "130"]
[EventDate "2011.10.15"]
[EventType "team-swiss"]
[EventRounds "11"]
[EventCountry "SRB"]
[SourceTitle "EXT 2012"]
[Source "ChessBase"]
[SourceDate "2011.11.24"]
[SourceVersion "1"]
[SourceVersionDate "2011.11.24"]
[SourceQuality "1"]

1. e4 e5 2. Nf3 Nc6 3. Bb5 a6 4. Ba4 Nf6 5. d4 exd4 6. e5 Ne4 7. 0-0 Nc5 8. Bxc6 dxc6 9. Nxd4 Be7 10. Nc3 0-0 11. Be3 f5 12. exf6 Rxf6 13. Qe2 Rg6 14. Kh1 Bd7 15. Rad1 Bd6 16. Nf3 b6 17. Bxc5 bxc5 18. Ne5 Rh6 19. f4 Be6 20. Nxc6 Qe8 21. Ne5 Rb8 22. b3 Rb4 23. Nc4 Rxc4 24. bxc4 Qf7 25. Nd5 Qg6 26. Rde1 c6 27. Ne3 Qg3 28. h3 Bxh3 29. Kg1 Bd7 30. Qf3 Qh2+ 31. Kf2 Rh3 32. Qe4 Bxf4 33. Nf5 Bg3+ 34. Ke2 g6 35. Rh1 gxf5 36. Rxh2 fxe4 37. Rxh3 Bxe1 38. Re3 Bh4 39. Rxe4 Bf6 40. g4 Kf7 41. Kf3 Be6 42. Ke2 Bd4 43. Kd3 h6 44. Rf4+ Kg6 45. Rf8 Bxg4 46. Rg8+ Kf5 47. Ra8 Ke6 48. Rxa6 Kd7 49. Ra7+ Kc8 50. c3 Bf5+ 51. Kd2 Bf6 52. a4 h5 53. Rf7 Bg5+ 54. Ke2 Be6 55. Rf8+ Kc7 56. Kd3 h4 57. Rh8 h3 58. Ke4 Bd2 59. Kd3 Be1 60. Kc2 Bg3 61. Kd3 h2 62. Rh5 Bf4 63. Rh7+ Kb6 64. Rh4 Bf5+ 65. Ke2 Be4 0-1

[Event "Belgrade tt Cup"]
[Site "Belgrade"]
[Date "2011.04.15"]
[Round "3"]
[White "Nikolic, Radisa"]
[Black "Milosavljevic, Dusan"]
[Result "1/2-1/2"]
[WhiteElo "2137"]
[BlackElo "2132"]
[PlyCount "83"]
[EventDate "2011.04.13"]
[EventType "team-tourn"]
[EventRounds "5"]
[EventCountry "SRB"]
[SourceTitle "CBM 141 Extra"]
[Source "ChessBase"]
[SourceDate "2011.05.03"]
[SourceVersion "1"]
[SourceVersionDate "2011.05.03"]
[SourceQuality "1"]

1. e4 b6 2. d4 Bb7 3. Bd3 e6 4. Nf3 c5 5. c3 Nf6 6. Qe2 Be7 7. 0-0 Nc6 8. a3 d5 9. e5 Nd7 10. b4 cxd4 11. cxd4 a6 12. Nbd2 0-0 13. Re1 Re8 14. Nf1 f6 15. Ng3 b5 16. Bb2 f5 17. Nh5 Nb6 18. Nf4 Bc8 19. g3 g6 20. h4 Kg7 21. Kg2 Bf8 22. Rh1 h6 23. Rad1 Ne7 24. Bc1 Kf7 25. Nd2 Na4 26. Nb1 Nc6 27. Bc2 Qb6 28. Qd3 h5 29. Bb3 a5 30. Bxa4 bxa4 31. b5 Na7 32. Nc3 Bd7 33. Qf3 Rac8 34. Nce2 Bxb5 35. Nxg6 Bxe2 36. Nh8+ Kg7 37. Qxe2 Kxh8 38. Qxh5+ Kg8 39. Qg6+ Kh8 40. Qh5+ Kg8 41. Qg6+ Kh8 42. Qh5+ 1/2-1/2

[Event "Belgrade tt Cup"]
[Site "Belgrade"]
[Date "2011.04.13"]
[Round "1"]
[White "Nikolic, Radisa"]
[Black "Stevanovic, Vladan M"]
[Result "1/2-1/2"]
[WhiteElo "2137"]
[BlackElo "2286"]
[PlyCount "83"]
[EventDate "2011.04.13"]
[EventType "team-tourn"]
[EventRounds "5"]
[EventCountry "SRB"]
[SourceTitle "CBM 141 Extra"]
[Source "ChessBase"]
[SourceDate "2011.05.03"]
[SourceVersion "1"]
[SourceVersionDate "2011.05.03"]
[SourceQuality "1"]

1. e4 e6 2. d4 d5 3. e5 c5 4. c3 Qb6 5. Nf3 Bd7 6. Be2 cxd4 7. cxd4 Bb5 8. 0-0 Bxe2 9. Qxe2 Nc6 10. Nc3 Nge7 11. Rd1 Nf5 12. Qb5 Be7 13. g4 Nh4 14. Nxh4 Bxh4 15. Qxb6 axb6 16. Nb5 Kd7 17. Rd3 h5 18. g5 f6 19. Rf3 Ra5 20. a4 Rha8 21. exf6 gxf6 22. gxf6 Rxb5 23. f7 Be7 24. axb5 Rxa1 25. bxc6+ bxc6 26. Rc3 c5 27. dxc5 bxc5 28. Kg2 d4 29. Rc4 Bf8 30. Bf4 Kc6 31. b4 Ra7 32. bxc5 Kd5 33. Rc1 e5 34. c6 Rc7 35. Bg3 h4 36. Bxh4 Rxc6 37. Rxc6 Kxc6 38. Bg5 Kd5 39. Kf3 Ke6 40. Ke4 Bg7 41. f4 exf4 42. Bxf4 1/2-1/2

[Event "SRB-chT Cup"]
[Site "Kragujevac"]
[Date "2010.05.20"]
[Round "3"]
[White "Nikolic, Radisa"]
[Black "Zonjic, Milos"]
[Result "0-1"]
[WhiteElo "2157"]
[BlackElo "2164"]
[PlyCount "102"]
[EventDate "2010.05.18"]
[EventType "team-tourn"]
[EventRounds "7"]
[EventCountry "YUG"]
[SourceTitle "CBM 136 Extra"]
[Source "ChessBase"]
[SourceDate "2010.07.02"]
[SourceVersion "2"]
[SourceVersionDate "2010.07.15"]
[SourceQuality "1"]

1. e4 d6 2. d4 Nf6 3. Bd3 c6 4. c4 g6 5. Nf3 Bg7 6. 0-0 0-0 7. Nc3 Nbd7 8. h3 Qc7 9. Re1 e5 10. d5 Kh8 11. b4 Ng8 12. Rb1 f5 13. dxc6 bxc6 14. b5 Nc5 15. Bc2 Be6 16. Qe2 fxe4 17. Nxe4 Nxe4 18. Bxe4 d5 19. Ng5 Qe7 20. Nxe6 Qxe6 21. Bf3 e4 22. Ba3 Qf7 23. Bg4 h5 24. Bxf8 Rxf8 25. Bxh5 gxh5 26. bxc6 Bd4 27. Rf1 Bb6 28. cxd5 Qxd5 29. Rbd1 Qe5 30. Kh1 Nf6 31. Qd2 Bc7 32. g3 Kg7 33. Kg2 Rf7 34. Qd4 Qg5 35. Qe3 Qb5 36. Qc3 Qf5 37. Qe3 Qa5 38. a3 Qb5 39. Qc3 Qf5 40. Qe3 Qb5 41. Qc3 Qf5 42. Qe3 h4 43. gxh4 Kh7 44. Kh1 Bf4 45. Qb3 Re7 46. Rg1 e3 47. Qb1 Ne4 48. Rg4 Nxf2+ 49. Kg2 Qxb1 50. Rxb1 Nxg4 51. hxg4 e2 0-1

[Event "SRB-chT2 West"]
[Site "Serbia"]
[Date "2007.10.20"]
[Round "10"]
[White "Avramovic, Zoran"]
[Black "Nikolic, Radisa"]
[Result "1-0"]
[WhiteElo "2223"]
[BlackElo "2157"]
[PlyCount "89"]
[EventDate "2007.09.09"]
[EventType "team"]
[EventRounds "11"]
[EventCountry "SRB"]
[SourceTitle "EXT 2012"]
[Source "ChessBase"]
[SourceDate "2011.11.24"]
[SourceVersion "1"]
[SourceVersionDate "2011.11.24"]
[SourceQuality "1"]
[WhiteTeam "Morava"]
[BlackTeam "Zlatar"]
[WhiteTeamCountry "SRB"]
[BlackTeamCountry "SRB"]

1. e4 e6 2. d4 d5 3. exd5 exd5 4. Bd3 Nc6 5. c3 Nf6 6. h3 Bd6 7. Qf3 h6 8. Ne2 Be6 9. Nf4 0-0 10. Be3 Re8 11. Nd2 Qd7 12. g4 Ne7 13. 0-0-0 Bxf4 14. Bxf4 Ng6 15. Bxh6 Nxg4 16. Bg5 N4e5 17. dxe5 Nxe5 18. Qg3 Nxd3+ 19. Qxd3 Bf5 20. Qf3 Bg6 21. Nb1 Be4 22. Qg4 f5 23. Qg3 Bxh1 24. Rxh1 c5 25. Rg1 Re6 26. Be3 d4 27. Rd1 Rc8 28. b3 Qc6 29. Rg1 Rc7 30. Bf4 Rce7 31. Nd2 Re1+ 32. Rxe1 Rxe1+ 33. Kb2 Qh1 34. cxd4 cxd4 35. Qd3 Qd5 36. Nf3 Re4 37. Bd2 b5 38. Ng5 Re5 39. h4 g6 40. Bf4 Re4 41. Nxe4 fxe4 42. Qc2 Qf5 43. Qc7 a5 44. Qe5 Qg4 45. Qe8+ 1-0

[Event "SRB-chT2 West"]
[Site "Serbia"]
[Date "2007.10.18"]
[Round "7"]
[White "Roljevic, Djordje"]
[Black "Nikolic, Radisa"]
[Result "1-0"]
[WhiteElo "2125"]
[BlackElo "2157"]
[PlyCount "78"]
[EventDate "2007.09.09"]
[EventType "team"]
[EventRounds "11"]
[EventCountry "SRB"]
[SourceTitle "EXT 2012"]
[Source "ChessBase"]
[SourceDate "2011.11.24"]
[SourceVersion "1"]
[SourceVersionDate "2011.11.24"]
[SourceQuality "1"]
[WhiteTeam "Cacak Borac"]
[BlackTeam "Zlatar"]
[WhiteTeamCountry "SRB"]
[BlackTeamCountry "SRB"]

1. d4 Nf6 2. Nf3 d5 3. c4 e6 4. Nc3 c6 5. cxd5 exd5 6. Bg5 Be7 7. Qc2 h6 8. Bxf6 Bxf6 9. e3 0-0 10. Bd3 Re8 11. 0-0 a5 12. Rfc1 Na6 13. a3 g5 14. Bf5 Kg7 15. Ne2 Bxf5 16. Qxf5 Qc8 17. Qd3 Qe6 18. Ng3 Kg8 19. Nd2 c5 20. Nf5 Bh8 21. Rab1 c4 22. Qc2 b5 23. Nf1 b4 24. N1g3 b3 25. Qe2 Rac8 26. Qg4 Bg7 27. h4 f6 28. Qh5 Kh7 29. Kh2 Rc7 30. e4 dxe4 31. d5 Qe5 32. d6 gxh4 33. dxc7 hxg3+ 34. fxg3 Nxc7 35. Rxc4 Re7 36. Re1 Qd5 37. Rd4 Qe5 38. Rdxe4 Qxe4 39. Rxe4 Rxe4 1-0